The Dilbert principle : (Record no. 801)

MARC details
000 -LEADER
fixed length control field 00924cam a2200277 a 4500
005 - DATE AND TIME OF LATEST TRANSACTION
control field 20260322212034.0
008 - FIXED-LENGTH DATA ELEMENTS--GENERAL INFORMATION
fixed length control field data
010 ## - LIBRARY OF CONGRESS CONTROL NUMBER
LC control number 96000388
020 ## - INTERNATIONAL STANDARD BOOK NUMBER
International Standard Book Number 0887307876
020 ## - INTERNATIONAL STANDARD BOOK NUMBER
International Standard Book Number 9780887307874
040 ## - CATALOGING SOURCE
Original cataloging agency DLC
Transcribing agency DLC
Modifying agency DLC
050 00 - LIBRARY OF CONGRESS CALL NUMBER
Classification number HD31
Item number .A294 1996
082 00 - DEWEY DECIMAL CLASSIFICATION NUMBER
Classification number 650.1/3
Edition information 20
092 ## - LOCALLY ASSIGNED DEWEY CALL NUMBER (OCLC)
Classification number 650.1 A294 1996
001 - CONTROL NUMBER
control field data
100 1# - MAIN ENTRY--PERSONAL NAME
Personal name Adams, Scott,
Dates associated with a name 1957-
245 14 - TITLE STATEMENT
Title The Dilbert principle :
Remainder of title a cubicle's-eye view of bosses, meetings, management fads & other workplace afflictions /
Statement of responsibility, etc. Scott Adams.
260 ## - PUBLICATION, DISTRIBUTION, ETC.
Place of publication, distribution, etc. New York :
Name of publisher, distributor, etc. HarperBusiness,
Date of publication, distribution, etc. c1996.
300 ## - PHYSICAL DESCRIPTION
Extent viii, 336 p. :
Other physical details ill. ;
Dimensions 22 cm.
600 10 - SUBJECT ADDED ENTRY--PERSONAL NAME
Personal name Adams, Scott,
Dates associated with a name 1957-
Title of a work Dilbert.
650 #0 - SUBJECT ADDED ENTRY--TOPICAL TERM
Topical term or geographic name entry element Management
General subdivision Miscellanea.
650 #0 - SUBJECT ADDED ENTRY--TOPICAL TERM
Topical term or geographic name entry element Office politics
General subdivision Miscellanea.
650 #0 - SUBJECT ADDED ENTRY--TOPICAL TERM
Topical term or geographic name entry element Personnel management
General subdivision Miscellanea.
650 #0 - SUBJECT ADDED ENTRY--TOPICAL TERM
Topical term or geographic name entry element Management
General subdivision Caricatures and cartoons.
856 4# - ELECTRONIC LOCATION AND ACCESS
Materials specified Table of Contents
Uniform Resource Identifier <a href="http://lcweb.loc.gov/catdir/toc/96000388.html">http://lcweb.loc.gov/catdir/toc/96000388.html</a>
Holdings
Withdrawn status Lost status Damaged status Not for loan Home library Current library Shelving location Date acquired Total checkouts Full call number Barcode Date last seen Price effective from Koha item type
        Franklin Franklin General stacks 22/03/2026   650.1/3 20 BC0010824 22/03/2026 22/03/2026 Books